000 00514nam a22001575i 4500
001 170191
003 ES-MaACL
005 20230906214320.0
008 090210s1895 fr |||| | fre d
080 _a821.133.1-2"18"
100 1 _aMendès, Catulle.
_980102
245 1 3 _aLa femme de Tabarin
_b: tragi-parade /
_cCatulle Mendès.
260 _aParis :
_bG. Charpentier et E. Fasquelle,
_c1895.
300 _a34 p. ;
_c19 cm.
852 _aES-MaACL
_j2247-F-10
_9R.141004
_z.- Biblioteca Jacinto Martínez Lacalle
999 _c170191
_d170191